| 000 | 00764nam a22002297a 4500 | ||
|---|---|---|---|
| 005 | 20250403173147.0 | ||
| 010 | _aENG-144405 | ||
| 020 |
_c250.00 _a9789381325445(Vol-IV) |
||
| 035 | _aEN-127937 | ||
| 037 | _bDBAD | ||
| 082 | _a581 | ||
| 100 |
_aParia,N.D _980274 |
||
| 245 |
_aHistory of Science in India: _bPlant Science/ _cN.D.Paria; Manishi Nath Das [and] Priyadarshan Sen Sharma |
||
| 250 | _a1st | ||
| 260 |
_aKolkata _bSwami Suparnananda Secretary _c2014 |
||
| 270 |
_aThe Ramakrishna Mission Institute of Culture, Gol Park, _bKolkata _e700029 |
||
| 300 |
_axix,424p _c24cm. (Hb) |
||
| 490 |
_aPart-1 _vVol-IV |
||
| 700 |
_980043 _aDas,Manishi Nath |
||
| 700 |
_aSharma, priyadarshan Sen _980124 |
||
| 942 |
_2ddc _cEN _h581 _mPAR _e1 |
||
| 999 |
_c210667 _d210667 |
||